Who In UK Politics? - Statistics

General Stats
  • This quiz has been taken 69 times
  • The average score is 12 of 15
Answer Stats
Question Answer % Correct
Elected as UK Prime Minister in 2024 Kier Starmer
100%
Sacked as UK Ambassador to the US in 2026 Peter Mandelson
98%
Who was sacked as Deputy prime Minister in 2025? Angela Rayner
95%
During the 2010 coalition who was David Cameron's deputy Prime Minister? Nick Clegg
93%
Who became UK Prime Minister in 1997? Tony Blair
92%
Who became the first woman Chancellor of the Exchequer in 2024? Rachel Reeves
87%
Who in July 2024 became Secretary for health and Social care? Wes Streeting
85%
What was the name of Margaret Thatchers husband? Denis
77%
Who became Speaker of the House Of Commons in 2019? Lindsay Hoyle
77%
Who was prime Minister at the outbreak of World war II? Neville Chamberlain
75%
Which Politian was at the centre of a scandal in the early 60's involving model Christine Keeler? John Profumo
68%
Who used to present a late night politics show on Thursdays on BBC1 called This Week? Andrew Neil
67%
Which TV channel does Ex-Conservative Minster Michael Portillo host a Sunday Arts & Politics show? GB News
57%
Who is the most recent unmarried Prime Minister? Edward Heath
48%
What was the name of former Prime Minster Harold Wilson's wife? Mary
40%
No matching quizzes found
Score Distribution
Percent of People with Each Score
Percentile by Number Answered
Your Score History
You have not taken this quiz